Normal view
MARC view
- Loti, Pierre,
Entry Nombre Personal
001 - NUMERO DE CONTROL
- campo de control: 30142
003 - IDENTIFICADOR DE NUMERO DE CONTROL
- campo de control: MX-MxUPN
005 - FECHA Y HORA DE LA ÜLTIMA TRANSACCIÓN
- campo de control: 20240528095219.0
008 - DATOS DE LONGITUD FIJA
- campo de control de longitud fija: 240528n||acannaabn a aaa |d
035 ## - NUMERO DE CONTROL
- Número de control: UPN11000002248
040 ## - FUENTE DE CATALOGACIÓN
- Lenguaje de catalogación: spa
- Agencia de transcripción: MX-MxUPN
- Agencia original de catalogación: MX-MxUPN
046 ## - FECHAS CON CODIFICACIÓN ESPECIAL
- Fecha de nacimiento: 18500114
- Fecha de muerte: 18230610
053 #0 - NÚMERO DE CLASIFICACIÓN LC
- Número de clasificación elemento-número único o número inicial de tramo: PQ2472.A1-PQ2472.Z8
100 1# - ENCABEZAMIENTO - NOMBRE PERSONAL
- Nombre personal: Loti, Pierre,
- Fechas asociadas con el nombre: 1850-1923
370 ## - LUGAR ASOCIADO
- Fuente del término: $naf
- Place of birth: Rochefort (Francia)
- Place of death: Hendaye (Francia)
374 ## - OCUPACIÓN
- Fuente del término: $naf
- Occupation: Autora
- Occupation: Oficial de Marina
400 1# - VEÁSE - NOMBRE DE PERSONA
- Personal name: Viaud, Julien,
- Dates associated with a name: 1850-1923
670 ## - FUENTE EN LA QUE SE LOCALIZARON DATOS
- Cita de la fuente: Autoridades LC, 28 mayo 2024 :
- Información localizada: (Loti, Pierre, 1850-1923)
- Uniform Resource Identifier: https://lccn.loc.gov/n50019975
902 ## - CATALOGADOR
- Catalogador: CAA/030610
